| 000 | 00550nam a2200169 a 4500 | ||
|---|---|---|---|
| 005 | 20140310183338.0 | ||
| 008 | 061107s19uu xx 00 eng d | ||
| 020 | _a1-4018-7107-0 | ||
| 050 |
_aTK 5105.888 _b.An528 2006 |
||
| 100 | _aAnderson, Ruth Ann | ||
| 245 |
_aExploring the art and technology of web design. / _cRuth Ann Anderson |
||
| 260 |
_aAustralia : _bThomson Delmar Learning, _c2006. |
||
| 300 |
_a336 p., [32] p. of plates : _bill. (some col.) ; _c25 cm. |
||
| 650 |
_aWeb sites _xDesign. |
||
| 942 |
_cBK _2lcc _kFOR |
||
| 999 |
_c21736 _d21736 |
||